000 00608nam a2200229 a 4500
999 _c6132
_d6132
001 6132
003 BD-JhCC
005 20221107134024.0
008 171125s2003 bg |||| |a|| 000 0 ben d
020 _a9848350004
035 _a(BD-JhCC)4275
040 _aBD-JhCC
_dBD-JhCC
041 _aben
082 _a891.443
_bRAS 2003
100 _aরশীদ, শুজা
245 _aস্পর্শ /
_cশুজা রশীদ
260 _aঢাকা :
_bআরা প্রকাশ,
_c2003.
300 _a104 p. :
_c22 cm.
650 _aBangali Novel
942 _2ddc
_cBK
_010